000 00414nam a22001697a 4500
005 20250128131811.0
008 250128b |||||||| |||| 00| 0 eng d
020 _a9780071276283
050 _aBF 637.L4M 26
_b1
100 _aManning, George
245 _aThe art of leadership
260 _aBoston
_bMcGraw-Hill
_c2009
300 _axvii,454p
500 _aindex,
700 _aCurtis,Kent
942 _2lcc
_cBK
_n0
999 _c3149
_d3149